=LDR 00000nam 2200000 4500 =001 NUTBA000000000002164 =005 20140606093911.0 =006 =007 =008 =020 ##$$a 978-602-8489-08-9 =035 ##$$a 0010-061400000000107 =040 ##$$a NBPDMAT =082 ##$$a 745.5 =090 ##$$a 745.5 $b Bag a =100 ##$$a Bagas Shinugi =245 ##$$a Aneka kreasi dari botol / $c Bagas shinugi =250 ##$$a Cet.1 =260 ##$$a Jakarta : $b Mediantara Semesta, $c 2010 =300 ##$$a 40 hlm. : $b ilus. ; $c 23 cm. =650 ##$$a Kerajinan Tangan =850 ##$$a NBPDMAT =990 ##$$a 21400827